| Tag |
First Indicator |
Second Indicator |
Subfields |
| LEADER |
00000cam a2200000 4500 |
| 001 |
in00003845735 |
| 005 |
20190415182758.0 |
| 006 |
m o d |
| 007 |
cr |n||||||||n |
| 008 |
830824s1793 enk|||| o 00||||eng c |
| 035 |
|
|
|a (CU-RivES)N1626
|
| 035 |
|
|
|a (Uk-ES)006006916
|
| 035 |
|
|
|a (OCoLC)507904398
|
| 040 |
|
|
|a CU-RivES
|c CU-RivES
|d CU-RivES
|d CStRLIN
|d CU-RivES
|d Cengage Gale
|d UtOrBLW
|
| 100 |
1 |
|
|a Paine, Thomas,
|d 1737-1809.
|
| 240 |
1 |
0 |
|a Letter addressed to the Abbe Raynal
|
| 245 |
1 |
2 |
|a A letter addressed to the Abbe Raynal, on the affairs [as printed] of North America :
|b In which the mistakes in the Abbe's account of the revolution of America are corrected and cleared up. By Thomas Paine, secretary for foreign affairs to Congress, during the American war, and author of Common sense, and the Rights of man.
|
| 264 |
|
1 |
|a London :
|b Printed for J. Ridgeway, No. 1, York-Street, St. James's Square,
|c M,DCC,XCIII. [1793]
|
| 300 |
|
|
|a 1 online resource (36 pages)
|
| 336 |
|
|
|a text
|b txt
|2 rdacontent
|
| 337 |
|
|
|a computer
|b c
|2 rdamedia
|
| 338 |
|
|
|a online resource
|b cr
|2 rdacarrier
|
| 500 |
|
|
|a Vertical chain lines.
|
| 500 |
|
|
|a A reissue of the issue with the imprint reading: ".. J. Ridgeway, .. M,DCC,XII".
|
| 510 |
4 |
|
|a English Short Title Catalog,
|c N1626.
|
| 500 |
|
|
|a Reproduction of original from Cambridge University Library.
|
| 500 |
|
|
|a Electronic resource.
|
| 651 |
|
0 |
|a United States
|x Politics and government
|y 1775-1783.
|0 http://id.loc.gov/authorities/subjects/sh85140413
|
| 655 |
|
7 |
|a Electronic books.
|2 local
|
| 710 |
2 |
|
|a Gale (Firm)
|0 http://id.loc.gov/authorities/names/no2008071348
|
| 752 |
|
|
|a Great Britain
|b England
|d London.
|
| 856 |
4 |
0 |
|u http://proxy.library.tamu.edu/login?url=http://find.galegroup.com/ecco/infomark.do?contentSet=ECCOArticles&docType=ECCOArticles&bookId=1489801500&type=getFullCitation&tabID=T001&prodId=ECCO&docLevel=TEXT_GRAPHICS&version=1.0&source=library&userGroupName=txshracd2898
|z Connect to the full text of this electronic book
|t 0
|
| 999 |
f |
f |
|s b8f57e08-cb4b-3d6e-a84c-e07d04dc82b4
|i 82a98889-a780-360d-969c-7d78eee11a1c
|t 0
|
| 952 |
f |
f |
|a Texas A&M University
|b College Station
|c Electronic Resources
|d Available Online
|t 0
|h No information provided
|
| 998 |
f |
f |
|t 0
|l Available Online
|